[Event "Titled Tuesday intern op 30th Apr Early"]
[Site "Chess.com INT"]
[Date "2024.04.30"]
[Round "8"]
[White "Aronian, Levon"]
[Black "Firouzja, Alireza"]
[Result "0-1"]
[WhiteElo "2729"]
[BlackElo "2760"]
[PlyCount "104"]
[EventDate "2024.04.30"]
[EventType "swiss (blitz)"]
[EventRounds "11"]
[EventCountry "USA"]
[SourceTitle "CB19_2024"]
[SourceDate "2024.05.08"]
[SourceVersion "1"]
[SourceVersionDate "2024.05.08"]
[SourceQuality "1"]

1. e4 c5 2. Nf3 d6 3. Bb5+ Nd7 4. d4 cxd4 5. Qxd4 a6 6. Be2 Ngf6 7. c4 e6 8. Nc3 b6 9. 0-0 Bb7 10. Bg5 h6 11. Bh4 Be7 12. Bg3 Nc5 13. Nd2 0-0 14. b4 e5 15. Qe3 Ne6 16. Nb3 a5 17. bxa5 bxa5 18. a4 Nd7 19. Rfd1 Bg5 20. Qd3 Ra6 21. Qc2 Rb6 22. Nb5 Ndc5 23. Nxc5 Nxc5 24. Bxe5 Bxe4 25. Qc3 Bf6 26. Bxf6 Qxf6 27. Qxa5 Ra6 28. Qc7 Bc2 29. Re1 Bxa4 30. Rac1 Bb3 31. h3 g6 32. Nc3 Qd8 33. Qxd8 Rxd8 34. Nd5 Ra2 35. Bd1 Bxd1 36. Rcxd1 Kg7 37. Re7 Rc2 38. Rd4 Ne6 39. Re4 Nc5 40. Rf4 Rf8 41. h4 Rc1+ 42. Kh2 Nd3 43. Rf3 Ne5 44. Rf4 Rxc4 45. Rxc4 Nxc4 46. Rd7 Re8 47. h5 Re5 48. Nf4 Rf5 49. g3 g5 50. Nd3 Rf3 51. Nb4 Rxf2+ 52. Kh3 g4+ 0-1

[Event "Titled Tuesday intern op 30th Apr Early"]
[Site "Chess.com INT"]
[Date "2024.04.30"]
[Round "3"]
[White "Firouzja, Alireza"]
[Black "Hambleton, Aman"]
[Result "1-0"]
[WhiteElo "2760"]
[BlackElo "2420"]
[PlyCount "79"]
[EventDate "2024.04.30"]
[EventType "swiss (blitz)"]
[EventRounds "11"]
[EventCountry "USA"]
[SourceTitle "CB19_2024"]
[SourceDate "2024.05.08"]
[SourceVersion "1"]
[SourceVersionDate "2024.05.08"]
[SourceQuality "1"]

1. e4 c5 2. Nf3 e6 3. g3 Nc6 4. Bg2 Nf6 5. Qe2 d6 6. 0-0 Be7 7. c3 e5 8. Rd1 0-0 9. h3 Re8 10. Na3 Bf8 11. Nc2 h6 12. d3 Rb8 13. Be3 b5 14. d4 Qc7 15. d5 Ne7 16. Nfe1 a5 17. b4 axb4 18. cxb4 c4 19. a4 bxa4 20. Rxa4 Bd7 21. Ra7 Rb7 22. Rxb7 Qxb7 23. Qxc4 Rc8 24. Qb3 h5 25. Na3 Rb8 26. Rb1 h4 27. b5 hxg3 28. fxg3 Ng6 29. b6 Ra8 30. Nc4 Be7 31. Qc3 Nh5 32. Kh2 Rc8 33. Qb4 f5 34. Nxd6 Bxd6 35. Qxd6 Nf6 36. Nd3 fxe4 37. Nc5 Rxc5 38. Qxc5 Nxd5 39. Bxe4 Nxe3 40. Bxb7 1-0

[Event "Titled Tuesday intern op 30th Apr Early"]
[Site "Chess.com INT"]
[Date "2024.04.30"]
[Round "6"]
[White "Firouzja, Alireza"]
[Black "Le, Tuan Minh"]
[Result "1/2-1/2"]
[WhiteElo "2760"]
[BlackElo "2567"]
[PlyCount "109"]
[EventDate "2024.04.30"]
[EventType "swiss (blitz)"]
[EventRounds "11"]
[EventCountry "USA"]
[SourceTitle "CB19_2024"]
[SourceDate "2024.05.08"]
[SourceVersion "1"]
[SourceVersionDate "2024.05.08"]
[SourceQuality "1"]

1. e4 c5 2. Nf3 Nf6 3. e5 Nd5 4. Nc3 e6 5. g3 d6 6. Bg2 Nc6 7. exd6 Bxd6 8. 0-0 0-0 9. Re1 Be7 10. Nxd5 exd5 11. d4 Bg4 12. h3 Bh5 13. c3 cxd4 14. g4 Bg6 15. Nxd4 Qd7 16. Bf4 Rad8 17. Qd2 h5 18. g5 Bc5 19. Nb3 Bb6 20. Rad1 Qf5 21. Nd4 Nxd4 22. cxd4 Rfe8 23. Rxe8+ Rxe8 24. Be5 Rc8 25. Rc1 h4 26. Rxc8+ Qxc8 27. Qc3 Qf5 28. Bxd5 Qxg5+ 29. Kh2 Qf5 30. Qe3 Qc2 31. Qf4 Bd8 32. Bxb7 Qxb2 33. Bd5 Qc2 34. Bb3 Qe2 35. Bd5 Qc2 36. Qf3 Bg5 37. Kg2 a5 38. Bf4 Bf6 39. Be3 a4 40. Qg4 Kh7 41. Qf3 Qd3 42. Qg4 a3 43. Bf3 Bf5 44. Qh5+ Kg8 45. Bd5 Bg6 46. Qf3 Qc2 47. Kh2 Bf5 48. Qf4 Bg6 49. Bb3 Qd3 50. Qb8+ Kh7 51. Qf4 Qe2 52. Qg4 Qd3 53. Qf4 Be7 54. Qe5 Bf6 55. Qf4 1/2-1/2

[Event "Titled Tuesday intern op 30th Apr Early"]
[Site "Chess.com INT"]
[Date "2024.04.30"]
[Round "5"]
[White "Firouzja, Alireza"]
[Black "Maksimovic, Bojan"]
[Result "1-0"]
[WhiteElo "2760"]
[BlackElo "2485"]
[PlyCount "83"]
[EventDate "2024.04.30"]
[EventType "swiss (blitz)"]
[EventRounds "11"]
[EventCountry "USA"]
[SourceTitle "CB19_2024"]
[SourceDate "2024.05.08"]
[SourceVersion "1"]
[SourceVersionDate "2024.05.08"]
[SourceQuality "1"]

1. e4 a6 2. d4 e6 3. Nc3 d5 4. Nf3 Bb4 5. e5 Bd7 6. h4 Bxc3+ 7. bxc3 Bb5 8. Bd3 Ne7 9. h5 h6 10. a4 Bxd3 11. cxd3 Nd7 12. Ba3 b6 13. Kf1 Rc8 14. a5 b5 15. Rh3 c5 16. dxc5 Nxc5 17. Nd4 Qc7 18. Re3 Nf5 19. Nxf5 exf5 20. Qf3 Qd7 21. e6 Nxe6 22. Qxf5 Rxc3 23. Bb4 Rb3 24. Bc5 Kd8 25. Bb6+ Kc8 26. Rc1+ Kb8 27. g3 Rc8 28. Ree1 Rbc3 29. Rxc3 Rxc3 30. Qe5+ Rc7 31. Bxc7+ Qxc7 32. Qxd5 Qxa5 33. Qc6 Qa3 34. Kg1 Nc7 35. Rc1 Qe7 36. Qb6+ Kc8 37. Qxa6+ Kd8 38. Qb6 Qd7 39. Qb8+ Qc8 40. Qb6 Qd7 41. d4 b4 42. d5 1-0

[Event "Titled Tuesday intern op 30th Apr Early"]
[Site "Chess.com INT"]
[Date "2024.04.30"]
[Round "2"]
[White "Vovk, Orest"]
[Black "Firouzja, Alireza"]
[Result "0-1"]
[WhiteElo "2315"]
[BlackElo "2760"]
[PlyCount "70"]
[EventDate "2024.04.30"]
[EventType "swiss (blitz)"]
[EventRounds "11"]
[EventCountry "USA"]
[SourceTitle "CB19_2024"]
[SourceDate "2024.05.08"]
[SourceVersion "1"]
[SourceVersionDate "2024.05.08"]
[SourceQuality "1"]

1. h4 e5 2. h5 d5 3. h6 Nxh6 4. d4 Nc6 5. Bxh6 gxh6 6. dxe5 Nxe5 7. Nf3 Nxf3+ 8. gxf3 c6 9. Qd4 Rg8 10. Nc3 Bg7 11. Qf4 Qg5 12. Qxg5 hxg5 13. Rxh7 Bf5 14. Rh5 Bxc2 15. Kd2 Bg6 16. Rh1 Ke7 17. e3 Rad8 18. Nd1 d4 19. e4 Rh8 20. Rg1 Be5 21. Bd3 Bf4+ 22. Ke2 Rh3 23. Ke1 Rxf3 24. Be2 Bxe4 25. Bxf3 Bxf3 26. a4 d3 27. Kf1 d2 28. Rg3 Bxg3 29. fxg3 Rh8 30. Kf2 g4 31. Nc3 Rd8 32. Nd1 Rd3 33. b4 Kd6 34. b5 c5 35. Ne3 Rxe3 0-1

[Event "Titled Tuesday intern op 23rd Apr Late"]
[Site "Chess.com INT"]
[Date "2024.04.23"]
[Round "3"]
[White "Firouzja, Alireza"]
[Black "Yanchenko, Roman"]
[Result "1-0"]
[WhiteElo "2760"]
[BlackElo "2466"]
[PlyCount "119"]
[EventDate "2024.04.23"]
[EventType "swiss (blitz)"]
[EventRounds "11"]
[EventCountry "USA"]
[SourceTitle "CB18_2024"]
[SourceDate "2024.05.01"]
[SourceVersion "1"]
[SourceVersionDate "2024.05.01"]
[SourceQuality "2"]

1. e4 e6 2. d4 d5 3. e5 c5 4. c3 Qb6 5. Nf3 Bd7 6. Be2 Bb5 7. Bxb5+ Qxb5 8. a4 Qd7 9. 0-0 a6 10. Re1 Nc6 11. h3 Rc8 12. Be3 cxd4 13. cxd4 Bb4 14. Nbd2 Nge7 15. Re2 Na5 16. Nf1 Nf5 17. Qd3 h5 18. Bf4 Rc4 19. Ne3 Nxe3 20. fxe3 Qc6 21. Rf2 Rc1+ 22. Rxc1 Qxc1+ 23. Kh2 Qc4 24. Qd1 Qb3 25. Qc1 Nc4 26. Ng5 Qd3 27. Rf3 h4 28. e4 Qxd4 29. exd5 Bc5 30. dxe6 Nxe5 31. exf7+ Kd7 32. Rc3 Bd6 33. Nf3 Qxf4+ 34. Qxf4 Ng4+ 35. hxg4 Bxf4+ 36. Kh3 Ke7 37. Rb3 Rb8 38. Nxh4 Kxf7 39. Rf3 g5 40. g3 Rh8 41. Kg2 gxh4 42. gxf4 Kf6 43. Kh3 Rd8 44. Kxh4 Rd4 45. b3 b5 46. axb5 axb5 47. Kg3 b4 48. Re3 Rd2 49. g5+ Kg6 50. Re6+ Kf7 51. Re3 Rc2 52. Kg4 Rc3 53. Rh3 Kg6 54. f5+ Kg7 55. f6+ Kf7 56. Rf3 Rc5 57. g6+ Kxg6 58. f7 Rg5+ 59. Kh3 Rh5+ 60. Kg2 1-0

[Event "Candidates Tournament"]
[Site "Toronto"]
[Date "2024.04.17"]
[Round "11.4"]
[White "Firouzja, Alireza"]
[Black "Abasov, Nijat Azad"]
[Result "1-0"]
[WhiteElo "2760"]
[BlackElo "2632"]
[PlyCount "47"]
[EventDate "2024.04.04"]
[EventType "tourn"]
[EventRounds "14"]
[EventCountry "CAN"]
[EventCategory "20"]
[SourceTitle "CB17_2024"]
[SourceDate "2024.04.24"]
[SourceVersion "1"]
[SourceVersionDate "2024.04.24"]
[SourceQuality "1"]

1. Nf3 Nf6 2. b3 c5 3. Bb2 Nc6 4. e3 g6 5. d4 cxd4 6. Nxd4 Bg7 7. Be2 0-0 8. 0-0 Nxd4 9. Bxd4 d5 10. Nd2 Qd6 11. c4 Rd8 12. cxd5 Qxd5 13. Bf3 Qf5 14. Rc1 Ne8 15. Rc5 e5 16. Nc4 f6 17. Rd5 Rxd5 18. Bxd5+ Kh8 19. Bc5 Qd7 20. Bf3 Rb8 21. Bxa7 Ra8 22. Nb6 Qxd1 23. Rxd1 Rxa7 24. Rd8 1-0

[Event "Titled Tuesday intern op 02nd Apr Early"]
[Site "Chess.com INT"]
[Date "2024.04.02"]
[Round "5"]
[White "Masruri, Rahman"]
[Black "Firouzja, Alireza"]
[Result "0-1"]
[WhiteElo "2281"]
[BlackElo "2760"]
[PlyCount "64"]
[EventDate "2024.04.02"]
[EventType "swiss (blitz)"]
[EventRounds "11"]
[EventCountry "USA"]
[SourceTitle "CB15_2024"]
[SourceDate "2024.04.10"]
[SourceVersion "1"]
[SourceVersionDate "2024.04.10"]
[SourceQuality "1"]

1. d4 Nf6 2. Bf4 g6 3. Nc3 d5 4. e3 Bg7 5. h4 h5 6. Nf3 Bg4 7. Qd2 c5 8. Bb5+ Nc6 9. Ne5 0-0 10. Nxc6 bxc6 11. Bxc6 Rc8 12. Bb7 cxd4 13. exd4 Rc4 14. 0-0 Qb6 15. Bxd5 Rxd4 16. Qc1 Nxd5 17. Nxd5 Rxd5 18. c3 Rc8 19. Re1 Rb5 20. Rxe7 Rxb2 21. Bg3 Bf5 22. Qf4 Bxc3 23. Rd1 Rb1 24. Rxb1 Qxb1+ 25. Kh2 Qxa2 26. Qd6 a5 27. Ra7 Qc4 28. Qe7 a4 29. Bd6 Qe6 30. Qxe6 Bxe6 31. Rxa4 Bf6 32. Bg3 Rc4 0-1

[Event "Titled Tuesday intern op 12th Mar Late"]
[Site "Chess.com INT"]
[Date "2024.03.12"]
[Round "9"]
[White "Firouzja, Alireza"]
[Black "Lazavik, Denis"]
[Result "0-1"]
[WhiteElo "2760"]
[BlackElo "2567"]
[PlyCount "82"]
[EventDate "2024.03.12"]
[EventType "swiss (blitz)"]
[EventRounds "11"]
[EventCountry "USA"]
[SourceTitle "CB12_2024"]
[SourceDate "2023.10.01"]
[SourceVersion "1"]
[SourceVersionDate "2023.10.01"]
[SourceQuality "1"]

1. e4 e5 2. Nf3 Nc6 3. Bb5 Nf6 4. d3 Bc5 5. c3 0-0 6. 0-0 d5 7. Nbd2 dxe4 8. dxe4 a5 9. a4 Qe7 10. Re1 Rd8 11. h3 h6 12. Qc2 Nb8 13. Bf1 b6 14. Nc4 Nbd7 15. Ne3 Bxe3 16. Bxe3 Bb7 17. Nd2 Nc5 18. f3 Nh5 19. Bc4 Ne6 20. Nf1 Ba6 21. Bd5 Rac8 22. Rad1 Nef4 23. Bxf4 Nxf4 24. Ne3 Qg5 25. Kh2 c6 26. Bc4 Bxc4 27. Nxc4 b5 28. axb5 cxb5 29. Nxa5 b4 30. c4 Rxd1 31. Rxd1 Rc5 32. Ra1 Rc7 33. Rd1 Rc5 34. Ra1 Rc7 35. g3 Ne6 36. Nb3 Qe3 37. Kg2 h5 38. h4 g5 39. Rh1 Rd7 40. hxg5 Rd3 41. Re1 Qxf3+ 0-1